000 00412nam a2200181Ia 4500
005 20250603144443.0
008 250603s9999 xx 000 0 und d
020 _a0-19-914195-9
050 _aQH 308 .K468/
100 _aKent, Michael
245 0 _aAdvanced biology
260 _aNew York
260 _bOxford University Press
260 _c2000
300 _a624 p
650 _aNew York
942 _cBK
999 _c38968
_d38968